LEADER 01049nam a2200277 i 4500 001 991000878809707536 005 20020507102701.0 008 951121s1976 ne ||| | eng 035 $ab10142472-39ule_inst 035 $aLE00638460$9ExL 040 $aDip.to Fisica$bita 084 $a53.7.1 084 $a53.9.1 084 $aQD921 100 1 $aLévy, F.$0374737 245 10$aCrystallography and crystal chemistry of materials with layered structures /$cedited by F. Levy 260 $aDordrecht :$bD. Reidel Publ. Co.,$c1976 300 $a369 p. :$bill. ;$c25 cm. 490 0 $aPhysics and chemistry of materials with layered structures ;$v2 650 4$aCrystallography 907 $a.b10142472$b15-01-20$c27-06-02 912 $a991000878809707536 945 $aLE006 53.9.1 LEV$g1$i2006000079259$lle006$o-$pE0.00$q-$rl$s- $t0$u0$v0$w0$x0$y.i10169398$z27-06-02 996 $aCrystallography and crystal chemistry of materials with layered structures$9187044 997 $aUNISALENTO 998 $ale006$b01-01-95$cm$da $e-$feng$gne $h0$i1 LEADER 03993nam 2200601 450 001 9910824272903321 005 20230207220429.0 010 $a1-57181-001-3 010 $a1-78238-965-2 024 7 $a10.1515/9781782389651 035 $a(CKB)3710000000658704 035 $a(EBL)4519640 035 $a(SSID)ssj0001667766 035 $a(PQKBManifestationID)16457417 035 $a(PQKBTitleCode)TC0001667766 035 $a(PQKBWorkID)15001552 035 $a(PQKB)10523196 035 $a(MiAaPQ)EBC4519640 035 $a(DE-B1597)636313 035 $a(DE-B1597)9781782389651 035 $a(EXLCZ)993710000000658704 100 $a20021127d2003 uy| 0 101 0 $aeng 135 $aur|n|---||||| 181 $ctxt 182 $cc 183 $acr 200 00$aFlight of fantasy $enew perspectives on inner emigration in German literature, 1933-1945 /$fedited by Neil H. Donahue and Doris Kirchner 210 1$aNew York :$cBerghahn Books,$d2003. 215 $a1 online resource (338 p.) 300 $aPapers presented at a symposium held at Hofstra University. 311 $a1-57181-002-1 320 $aIncludes bibliographical references (pages [305]-308) and index. 327 $aTitle Page; Table of Contents; Acknowledgments; Contributors; Introduction. ""Coming to Terms"" with the German Past; Chapter 1. Inner Emigration; Chapter 2. In the Thicket of Inner Emigration; Chapter 3. The Young Generation's Non-National Socialist Literature During the Third Reich; Chapter 4. Culture as Simulation; Chapter 5. Targeting the Reader, Entering History; Chapter 6. Absences of Time and History; Chapter 7. Depictions of the State in Works of the Inner Emigration; Chapter 8. The Limits on Literary Life in the Third Reich; Chapter 9. Opposition or Opportunism? 327 $aChapter 10. Conservative OppositionChapter 11. Luise Rinser's Escape into Inner Emigration; Chapter 12. Survival without Compromise?; Chapter 13. Exile Honoris Causa; Chapter 14. Gunther Weisenborn's Ballad of His Life; Chapter 15. Between Apocalypse and Arcadia; Chapter 16. ""I Mounted Resistance, Though I Hid the Fact""; Chapter 17. Elisabeth Langgasser and the Question of Inner Emigration; Chapter 18. The Unsettling History of German Historians in the Third Reich; Chapter 19. State of the Art as Art of the Nazi State; Selected Bibliography ; Index 330 $aDuring the Nazi era many German writers chose, or were forced into, exile. Many others stayed and, after the end of this period, claimed to have retreated into "Inner Emigration". The nature of this kind of emigration and the underlying motives of these writers have been hotly debated to this day. Though the reception of Inner Emigration has often been confounded by disputes over the term itself, the issue is ultimately not a matter of nomenclature, but of more far-reaching issues of literary evaluation, moral discernment and the writing of history. This volume presents, for the first time, to an English-speaking readership the complexity of Inner Emigration through the analysis of problematic individual cases of writers who, under constant pressure from a watchful dictatorship to conform and to collaborate, were caught between conscience and compromise. 606 $aGerman literature$y20th century$xHistory and criticism$vCongresses 606 $aAuthors, German$y20th century$xPolitical and social views$vCongresses 606 $aNational socialism and literature$vCongresses 607 $aGermany$xPolitics and government$y20th century$vCongresses 615 0$aGerman literature$xHistory and criticism 615 0$aAuthors, German$xPolitical and social views 615 0$aNational socialism and literature 676 $a830.9/00912 702 $aDonahue$b Neil H. 702 $aKirchner$b Doris 801 0$bMiAaPQ 801 1$bMiAaPQ 801 2$bMiAaPQ 906 $aBOOK 912 $a9910824272903321 996 $aFlight of fantasy$93991984 997 $aUNINA LEADER 03580nam 2200793Ia 450 001 9910968643003321 005 20200520144314.0 010 $a9780791489123 010 $a0791489124 010 $a9780585476216 010 $a0585476217 035 $a(CKB)111087027854204 035 $a(OCoLC)61367553 035 $a(CaPaEBR)ebrary10587248 035 $a(SSID)ssj0000115426 035 $a(PQKBManifestationID)11143652 035 $a(PQKBTitleCode)TC0000115426 035 $a(PQKBWorkID)10009531 035 $a(PQKB)10766515 035 $a(OCoLC)53226295 035 $a(MdBmJHUP)muse5844 035 $a(Au-PeEL)EBL3408049 035 $a(CaPaEBR)ebr10587248 035 $a(DE-B1597)681833 035 $a(DE-B1597)9780791489123 035 $a(MiAaPQ)EBC3408049 035 $a(Perlego)2674239 035 $a(EXLCZ)99111087027854204 100 $a20010802d2002 uy 0 101 0 $aeng 135 $aurcn||||||||| 181 $ctxt$2rdacontent 182 $cc$2rdamedia 183 $acr$2rdacarrier 200 12$aA Buddhist history of the West $estudies in lack /$fDavid R. Loy 210 $aAlbany $cState University of New York Press$dc2002 215 $a1 online resource (vii, 244 pages) 225 0 $aSUNY series in religious studies 300 $aBibliographic Level Mode of Issuance: Monograph 311 08$a9780791452592 311 08$a079145259X 320 $aIncludes bibliographical references (p. 223-228) and index. 327 $tFront Matter -- $tContents -- $tAcknowledgments -- $tIntroduction -- $tThe Lack of Freedom -- $tThe Lack of Progress -- $tThe Renaissance of Lack -- $tThe Lack of Modernity -- $tThe Lack of Civil Society -- $tPreparing for Something That Never Happens -- $tThe Religion of the Market -- $tAfterword: The Future of Lack -- $tNotes -- $tBibliography -- $tIndex 330 $aBuddhism teaches that to become happy, greed, ill-will, and delusion must be transformed into their positive counterparts: generosity, compassion, and wisdom. The history of the West, like all histories, has been plagued by the consequences of greed, ill-will, and delusion. A Buddhist History of the West investigates how individuals have tried to ground themselves to make themselves feel more real. To be self-conscious is to experience ungroundedness as a sense of lack, but what is lacking has been understood differently in different historical periods. Author David R. Loy examines how the understanding of lack changes at historical junctures and shows how those junctures were so crucial in the development of the West. 606 $aCivilization, Western$xPsychological aspects 606 $aCivilization, Western$xPhilosophy 606 $aCivilization, Western$xClassical influences 606 $aBuddhist philosophy 606 $aBuddhism$xDoctrines 606 $aSelf (Philosophy) 606 $aIdentity (Psychology) 606 $aSelf-consciousness (Awareness) 615 0$aCivilization, Western$xPsychological aspects. 615 0$aCivilization, Western$xPhilosophy. 615 0$aCivilization, Western$xClassical influences. 615 0$aBuddhist philosophy. 615 0$aBuddhism$xDoctrines. 615 0$aSelf (Philosophy) 615 0$aIdentity (Psychology) 615 0$aSelf-consciousness (Awareness) 676 $a909/.09821 700 $aLoy$b David$f1947-$0687596 801 0$bMiAaPQ 801 1$bMiAaPQ 801 2$bMiAaPQ 906 $aBOOK 912 $a9910968643003321 996 $aA Buddhist history of the West$94353102 997 $aUNINA